Iconic hats of political movements - Statistics

General Stats
  • This quiz has been taken 10 times
  • The average score is 5 of 16
Answer Stats
Picture Answer % Correct
Bonapartism
90%
National Socialism
80%
Maoism
60%
Trumpism
60%
Castroism
50%
Italian Fascism
40%
Bolshevism
30%
Jacobinism
20%
American Revolution Patriot
10%
Black Power Movement
10%
Gandhism
10%
Guevarism
10%
Ottomanism
10%
Zapatism
10%
Indonesian Nationalism
0%
Korean Communism
0%
No matching quizzes found
Score Distribution
Percent of People with Each Score
Percentile by Number Answered
Your Score History
You have not taken this quiz